000 00575nam a22001937a 4500
005 20240911124728.0
010 _aENG-140821
020 _c250.00
_a9788195619757
035 _aEN-124353
037 _bDBAD
082 _a881
_21
100 _aRay, Amita
_971477
245 _aUntil Birds Sing/
_cBy Amita Ray
260 _aWest Bengal, India.
_bOfficial Address: 38/2 A.N.saha Road,
_c2022
270 _bWest Bengal, India.
_aKolkata- 700048,wesst Bengal, India.
_e700048
300 _a75pg.
_c210cm(pb)
760 _b1
942 _2ddc
_cEN
_h881
_mRAY
_e1
999 _c204014
_d204014